Spravodajca Ministerstva dopravy, spojov a verejných prác Slovenskej republiky
Salvato in:
| Natura: | Periodico |
|---|---|
| Lingua: | slovacco |
| Pubblicazione: |
Bratislava
Obzor
|
| Soggetti: | |
| Tags: |
Nessun Tag, puoi essere il primo ad aggiungerne!!
|
MARC
| LEADER | 00000nas1a2200000 4500 | ||
|---|---|---|---|
| 001 | 0021311 | ||
| 005 | 20041025155105.7 | ||
| 041 | 0 | |a slo | |
| 044 | |a SK | ||
| 245 | 1 | 0 | |a Spravodajca Ministerstva dopravy, spojov a verejných prác Slovenskej republiky |
| 264 | 1 | |a Bratislava |b Obzor | |
| 500 | |a Od roku 1995 názov: Spravodajca Ministerstva dopravy, pôšt a telekomunikácií Slovenskej republiky | ||
| 610 | 2 | 0 | |a doprava |
| 610 | 2 | 0 | |a pošty |
| 610 | 2 | 0 | |a telekomunikácie |